Регионална библиотека "Любен Каравелов" - Русе

Методът Silva - контрол на ума (Запис номер 103973)

MARC детайли
000 -Лидер
Контролно поле с фиксирана дължина 01863nam a2200505 a 4500
003 - Код на организацията, давaща контролен номер
Контролно поле BLK
005 - Дата и час на последна редакция
Контролно поле 20240511104051.0
008 - Елементи от данни с фиксирана дължина
fixed length control field 180409b bul|||||r ||||||| ||bul||
010 ## - Наследен системен номер
LC control number KNG00109069000
020 ## - Международен стандартен номер на книга ISBN
Международен стандартен номер на книга ISBN 954586002
020 ## - Международен стандартен номер на книга ISBN
Международен стандартен номер на книга ISBN 954-586-002-2
040 ## - Източник на каталожния запис
Идентификатор на билиотеката - собственик на записа BLK
041 ## - Код за език
Код за езика на текст/звукозапис или на отделно заглавие Български
Код за езика КДБФ Български
072 #7 - Код за тематичната категория
Код организация bullib
Код за тематична категория Л03
Текст Себепознание. Мисловни техники. Психология. Парапсихология
080 ## - УДК
Текстов определител УДК Висши психически процеси
УДК код - определител по УДК 159.95
УДК - код + определител 159.95
080 ## - УДК
Текстов определител УДК Психопатология. Вж и 616.8
УДК код - определител по УДК 159.97
УДК - код + определител 159.97
100 1# - Редна дума - Автор
Автор Силва, Хосе
Авторска отговорност първи автор
R(LIN) 242287
139 ## - Редно поле
Редна дума Силва, Хосе и др.
Авторски знак Сил - С 36
245 10 - Сведения за заглавието
Заглавие Методът Silva - контрол на ума
Редно поле (дума) Хосе Силва; съавт. Филип Мийл.
257 ## - Страна на издаване
Страна на създаване/издаване Съединени американски щати
260 ## - Област на издателските данни
Място на издаване, разпространение и проч. София
Име на издателя, разпространителя и проч. Алиса
Година на издаване 1993
300 ## - Физическа характеристика
Страници 175 с.
Илюстрации и др. със сх., диагр.
380 ## - Жанр
Жанр Философия
490 ## - СЕРИИ (Колекции)
Име на серия Използвайте мозъка си ... пълноценно
500 ## - Общи забележки
Забележка Без сведение за ориг. загл. - Офс. изд. - 10 000 тир.
650 #4 - Допълнително описание по предмет – тема
Основно описание – тема или топоним Мислене
9 (RLIN) 162353
650 #4 - Допълнително описание по предмет – тема
Основно описание – тема или топоним Съзнание (психол.)
9 (RLIN) 250895
650 #4 - Допълнително описание по предмет – тема
Основно описание – тема или топоним Медитация
9 (RLIN) 161599
650 #4 - Допълнително описание по предмет – тема
Основно описание – тема или топоним Психотехника
9 (RLIN) 168425
653 ## - Ключова дума – ненормативна
Ключова дума мислене
653 ## - Ключова дума – ненормативна
Ключова дума съзнание
653 ## - Ключова дума – ненормативна
Ключова дума медитация
653 ## - Ключова дума – ненормативна
Ключова дума психотехника
653 ## - Ключова дума – ненормативна
Ключова дума метод Силва
659 ## - Тематичен бюлетин
Тематичен бюлетин Л
700 1# - Други автори (авторска отговорност)
Лично име Мийл, Филип
Автороска отговорност (Описва отношението между автора и произведението) съавт.
9 (RLIN) 95317
852 ## - Местоположение
Форматна сигнатура Цб 174729
Фондова буква Хранилище
856 4# - Електронен адрес и достъп
Електронен формат pdf - файл
Инструкция (цена за достъп) 0.00
Права за достъп disable
856 4# - Електронен адрес и достъп
Електронен формат pdf - файл
Инструкция (цена за достъп) 0.00
Права за достъп disable
942 ## - АРТИКУЛИ
Вид на библиотечния материал Книги
Скрит в OPAC Не
Koha issues (borrowed), all copies 5
Периодичен библиозапис Да
944 ## - СЪЗДАВАНЕ И РЕДАКЦИЯ на ЗАПИСА
Създаване/Редакция Създаване
Дата на регистрацията/редакция 20.11.2003
Служител, извършил регистрацията/редакцията 30545
Статус, дата на статуса Нора Радева
944 ## - СЪЗДАВАНЕ И РЕДАКЦИЯ на ЗАПИСА
Създаване/Редакция Редакция
Дата на регистрацията/редакция 15.11.2011
999 ## - СИСТЕМНИ КОНТРОЛНИ НОМЕРА
Koha biblionumber 103973
Koha biblioitemnumber 103973
999 ## - СИСТЕМНИ КОНТРОЛНИ НОМЕРА
Koha biblioitemnumber 103973
999 ## - СИСТЕМНИ КОНТРОЛНИ НОМЕРА
Koha biblioitemnumber 103973
Наличности
Код за отписване Код за изгубен артикул Източник на класификационната схема Код за повреда Коз за рестрикции Код за отдаване Артикулен № Име на библиотеката - собственик Име на библиотеката, в която се намира в момента Статус (Текущо местоположение) Дата на вписване в системата Местоположение - отдел Цена в лева Инвентарен номер Систематично азбучна сигнатура Баркод Номер на екземпляра Цена в евро Служебна бележка Служебен тип на артикула
  Не е изгубен Universal Decimal Classification Не е повреден без рестрикции ползва се в читалня 167948 Регионална библиотека "Любен Каравелов" Русе Регионална библиотека "Любен Каравелов" Русе Хранилище 1993-01-01 Хранилище 0.00 595427 Цб 174729 120000595427 1 0.00 Дост: Dp Вид: Д N: стар фонд Дата: 01.01.1993 Книги
  Не е изгубен Universal Decimal Classification Не е повреден без рестрикции заемане за дома 727839 Регионална библиотека "Любен Каравелов" Русе Регионална библиотека "Любен Каравелов" Русе Заемна - подръчен фонд 2019-07-03 Заемна - подръчен фонд 6.90   159.95/С 36 Х 120000833195   3.53   Книги
Vip Innovations Ltd, Rousse, Bulgaria 2025